[Event "Meghalaya op 1st"]
[Site "Shillong"]
[Date "2023.12.14"]
[Round "2"]
[White "Rajdip, Das"]
[Black "Shahil, Dey"]
[Result "0-1"]
[WhiteElo "1769"]
[BlackElo "2368"]
[PlyCount "104"]
[EventDate "2023.12.13"]
[EventType "swiss"]
[EventRounds "10"]
[EventCountry "IND"]
[SourceTitle "CB52_2023"]
[SourceDate "2023.12.27"]
[SourceVersion "1"]
[SourceVersionDate "2023.12.27"]
[SourceQuality "1"]

1. d4 e6 2. Nf3 c5 3. c4 cxd4 4. Nxd4 Qc7 5. e3 Nc6 6. Be2 Nf6 7. 0-0 Nxd4 8. Qxd4 Bc5 9. Qd3 h5 10. h3 b6 11. b4 Bxb4 12. Ba3 Bc5 13. Bxc5 bxc5 14. Nc3 Ba6 15. Ne4 Nxe4 16. Qxe4 0-0 17. Qh4 g6 18. f4 Qd8 19. Qg3 Qf6 20. Rad1 d5 21. f5 exf5 22. Rxd5 h4 23. Qf4 Qb2 24. Rf2 Rac8 25. Bf1 Qc3 26. Rd7 Rce8 27. Qd6 Bc8 28. Rc7 Rxe3 29. Qxc5 Be6 30. Re2 Rxe2 31. Bxe2 Rb8 32. Qf2 Rb1+ 33. Bf1 Qe5 34. Rc5 Qd6 35. Rb5 Rc1 36. c5 Qe5 37. Rb4 g5 38. Qd2 Qxc5+ 39. Kh2 Qc7+ 40. Kg1 f4 41. Rd4 Qc5 42. Qb4 Qxb4 43. Rxb4 f3 44. Kf2 fxg2 45. Bxg2 Rc2+ 46. Kg1 Rxa2 47. Rb5 f5 48. Re5 Kf7 49. Bf1 Ra1 50. Kf2 Kf6 51. Rc5 a5 52. Rc6 Ke5 0-1